00334pab a2200121 454500008004000000100002100040245008600061260000900147300001500156362001000171650001100181773002000192180718b2013 xxu||||| |||| 00| 0 eng d aMohanty, Seemita aTribal oral traditions of Western Odisha: Need for documentation and preservation c2013 ap.146-150. a4 Feb aTribes aUniversity News